| 000 | 00349cam a22001097a 4500 | ||
|---|---|---|---|
| 008 | 180718b1958 xxu||||| |||| 00| 0 eng d | ||
| 082 | _aT16065x54 N213/1956 | ||
| 100 | _aReserve Bank of India | ||
| 245 | _aStatistical statements relating to the co-operative movement in India, 1956-58 | ||
| 260 |
_aBombay _bReserve Bank of India _c1958 |
||
| 300 | _a-- | ||
| 999 |
_c503634 _d503634 |
||